Statistics for Rihanna Filmography

Click here to take the quiz!

General Stats

  • This quiz has been taken 3 times
  • The average score is 2 of 27

Answer Stats

Type Year Name % Correct
Film2018Ocean's 8
67%
TV Show2009, 2010, 2012, 2015Saturday Night Live
67%
Film2012Battleship
67%
TV Show2017Bates Motel
33%
TV Show2005Las Vegas
0%
TV Show2012Oprah Prime
0%
Film2017Valerian and the City of a Thousand Planets
0%
Film2016Popstar: Never Stop Never Stopping
0%
TV Show2015The Voice
0%
Film2015Home
0%
Film2014Annie
0%
Film2013This Is the End
0%
Video Album2013Rihanna 777 Documentary... 7Countries7Days7Shows
0%
TV Show2012, 2013Styled to Rock
0%
Concert Film2012Katy Perry: Part of Me
0%
Documentary2012Coldplay Live 2012
0%
Film2006Bring It On: All or Nothing
0%
Video Album2012Loud Tour Live at the O2
0%
TV Show2011The X Factor
0%
TV Show2011Extreme Makeover: Home Edition
0%
TV Show2011Chelsea Lately
0%
Video Album2008Good Girl Gone Bad: The Videos
0%
Video Album2008Good Girl Gone Bad Live
0%
TV Show2006Punk'd
0%
TV Show2006All My Children
0%
TV Show2006My Super Sweet 16
0%
Film2019Guava Island
0%

Score Distribution

Percentile by Number Answered

Percent of People with Each Score

Your Score History

You have not taken this quiz